Österreich nach Buchstabe - B - Statistiken

Allgemein
  • Dieses Quiz wurde 77 mal gespielt
  • Das Durchschnittsergebnis liegt bei 11 aus 20
Antwortstatistiken
Hinweis Antwort % Korrekt
Größter See an dem Österreich einen Anteil hat Bodensee
93%
Westlichste Landeshauptstadt mit jährlichen (See-)Festspielen Bregenz
93%
Östlichstes Bundesland Burgenland
91%
Alpenpass der Österreich mit Italien verbindet ("Wir sind schon auf dem ...") Brennerpass
88%
Das Militär Bundesheer
86%
In dieser bedeudenten Kurstadt südlich der Hauptstadt befindet sich das ehemals größte Casino Europas Baden
71%
Schloss in Wien, wo der Staatsvertrag unterzeichnet wurde Belvedere
66%
Spezielle Form des (Wiener) Wirtshauses Beisl
63%
Einer der 4 Austragungsorte der Vierschanzentournee im Skispringen (Ort) Bischofshofen
61%
Werk des Schriftstellers und Jägers Felix Salten, von Disney verfilmt Bambi
52%
Bestsellerautor, hauptsächlich von Kinderbüchern ("Tom Turbo") Brezina
52%
Erste Bundeskanzlerin (2019-2020) Bierlein
50%
Schauspieler (Kaiser Franz Joseph in "Sissi") und Philantrop, der bei "Wetten, dass?" eine der größten Spendenaktionen startete Böhm
50%
Wiener Bezirk mit dem Millennium Tower Brigittenau
41%
Platz in Wien, wo sich das Bundeskanzleramt befindet Ballhausplatz
38%
Einer der 4 Austragungsorte der Vierschanzentournee im Skispringen (Schanze) Bergisel
38%
Art von Lokal, in dem Landwirte ihre Erzeugnisse servieren (Kalte Speisen und Getränke) Buschenschank
36%
Längster Straßenmarkt Wiens Brunnenmarkt
29%
Komponist aus Oberösterreich (11 Sinfonien), nachdem u.a. das Landesorchester benannt wurde Bruckner
25%
Gemeinde in Vorarlberg, die 1954 von einer schweren Lawine getroffen wurde Blons
16%
Keine übereinstimmenden Quizze gefunden
Verteilung der Resultate
Anzahl Personen mit jedem Resultat
Perzentil nach korrekt beantworteten Fragen
Ihre Resultats-Entwicklung
Sie haben dieses Quiz noch nicht gespielt